[Event "RUS-ch"]
[Site "Elista"]
[Date "1994.??.??"]
[Round "11"]
[White "Ulibin, Mikhail"]
[Black "Aseev, Konstantin N"]
[Result "1/2-1/2"]
[WhiteElo "2510"]
[BlackElo "2540"]

1.d4 Nf6 2.c4 e6 3.g3 d5 4.Bg2 Be7 5.Nf3 O-O 6.O-O dxc4 7.Nc3 Nbd7 8.e4 a6
9.a4 Rb8 10.a5 b5 11.axb6 Nxb6 12.Qe2 Bb7 13.Rd1 Bb4 14.Ne5 a5 15.Bg5 h6
16.Bf4 Qe7 17.Na4 Nxa4 18.Rxa4 c3 19.bxc3 Bxc3 20.Rc4 Bb4 21.Nc6 Bxc6 22.Rxc6 Rfc8
23.Qc4 Qd7 24.h3 a4 25.d5 exd5 26.exd5 Bd6 27.Bxd6 cxd6 28.Qxa4 Rd8 29.Qf4 Qe7
30.Bf3 Qe5 31.Qxe5 dxe5 32.d6 Rd7 33.Re1 Rbd8 34.Rxe5 Rxd6 35.Rxd6 Rxd6 36.Re7 Rd7
37.Rxd7  1/2-1/2

[Event "MON"]
[Site "Erdenet"]
[Date "1994.??.??"]
[Round "?"]
[White "Ganbaatar, Ishdagva"]
[Black "Jigjidsuren, Purev"]
[Result "1-0"]
[WhiteElo "2175"]
[BlackElo "2330"]

1.c4 Nf6 2.g3 e6 3.Bg2 d5 4.Nf3 Be7 5.d4 O-O 6.O-O dxc4 7.Ne5 c5 8.dxc5 Bxc5
9.Nxc4 Qc7 10.Qc2 Nc6 11.Nc3 a6 12.Bg5 Be7 13.Be3 Bd7 14.Bb6 Qc8 15.Rac1 Nb4
16.Qb3 Bc6 17.Bxc6 Nxc6 18.Rfd1 e5 19.Nd5 Nxd5 20.Rxd5 Qe6 21.Rdd1 Rac8 22.Qe3 h6
23.Qe4 Rfe8 24.a3 Bf8 25.e3 g6 26.Kg2 h5 27.Qd5 Qf6 28.Nd6 Bxd6 29.Qxd6 Re6
30.Qd7 Rce8 31.Qxb7 e4 32.Bc7 h4 33.gxh4 Qf3+ 34.Kg1 Qg4+ 35.Bg3 Ne5 36.Rd7 Nd3  1-0

[Event "FRA-chT "]
[Site "FRA"]
[Date "1994.??.??"]
[Round "8"]
[White "Harovelo, Ingmar"]
[Black "Nadin, Stefanie"]
[Result "1-0"]
[WhiteElo "2300"]
[BlackElo "1710"]

1.d4 d5 2.c4 e6 3.Nf3 Nf6 4.g3 Be7 5.Bg2 Nbd7 6.Qc2 O-O 7.O-O b6 8.cxd5 Nxd5
9.e4 Nb4 10.Qa4 b5 11.Qd1 c5 12.Nc3 Bb7 13.a3 Na6 14.Nxb5 Bxe4 15.Nc3 Bb7
16.d5 e5 17.Nd2 Nb6 18.d6 Bxg2 19.dxe7 Qxe7 20.Kxg2 Rad8 21.Qe2 Rfe8 22.Qxa6  1-0

[Event "Frydek-Mistek op"]
[Site "Frydek-Mistek"]
[Date "1994.??.??"]
[Round "?"]
[White "Cech, Tomas"]
[Black "Jirovsky, Pavel"]
[Result "1/2-1/2"]
[WhiteElo "2245"]
[BlackElo "2335"]

1.d4 d5 2.Nf3 Nf6 3.c4 e6 4.g3 Be7 5.Bg2 O-O 6.O-O Nbd7 7.Qc2 c6 8.b3 b6
9.Rd1 Bb7 10.Nc3 Rc8 11.e4 dxe4 12.Nxe4 c5 13.Nxf6+ Bxf6 14.Ng5 Bxg5 15.Bxb7 Rc7
16.dxc5 bxc5 17.Bg2 Bxc1 18.Raxc1 Qe7 19.Rd2 Nf6 20.Rcd1 Rfc8 21.Qc3 Rd7
22.Rxd7 Nxd7 23.Qd2 Nf6 24.h4 h6 25.Bf3 Kf8  1/2-1/2

[Event "Bundesliga 9394"]
[Site "Germany"]
[Date "1994.??.??"]
[Round "?"]
[White "Heinig, Wolfram"]
[Black "Goldberg, Alexander"]
[Result "1/2-1/2"]
[WhiteElo "2320"]
[BlackElo "2405"]

1.d4 Nf6 2.c4 e6 3.g3 d5 4.Bg2 Be7 5.Nf3 O-O 6.O-O dxc4 7.Ne5 Nc6 8.Nxc6 bxc6
9.e3 Rb8 10.Qa4 Rb6 11.Nd2 c5 12.dxc5 Bxc5 13.Nxc4 Rb4 14.Qc2 Ba6 15.b3 Bxc4
16.bxc4 Qe7 17.Bd2 Rb6 18.Ba5 Ra6 19.Bc3 Rd8 20.Rab1 Rb6 21.Ba5 Ra6 22.Rb5 Bb6
23.Bb4 c5 24.Bc3 Ne8 25.Qb2 f6 26.Qb3 Nd6 27.a4 Qc7 28.a5 Bxa5 29.Ra1 Nxb5
30.cxb5 c4 31.Qc2 Bxc3 32.Rxa6 Ba5 33.Rc6 Qe5 34.Qxc4 Rd1+ 35.Bf1 Qd5 36.Qg4 f5
37.Rc8+ Bd8 38.Qe2 Rd2 39.Qc4 Kf7 40.Qxd5 Rxd5 41.Bc4 Rd6 42.Kg2 Bb6  1/2-1/2

[Event "Oberliga Wuert9394"]
[Site "Germany"]
[Date "1994.??.??"]
[Round "?"]
[White "Schneider, Frank"]
[Black "Foessmeier, Ulrich"]
[Result "1/2-1/2"]
[WhiteElo "2240"]
[BlackElo "2305"]

1.d4 d5 2.Nf3 Nf6 3.c4 e6 4.g3 Be7 5.Bg2 O-O 6.Nc3 dxc4 7.O-O Nc6 8.e4 a6
9.d5 Nb4 10.Ne5 exd5 11.exd5 Bf5 12.a3 Nd3 13.Nxc4 Bc5 14.Be3 Qe7 15.b4 Bxe3
16.Nxe3 Bg6 17.Qd2 Rfe8 18.Nc4 Rad8 19.Nb2 Nxb2 20.Qxb2 Qe5 21.Qb3 Ne4 22.Bxe4 Bxe4
23.Rfe1 Qf5 24.Nxe4 Rxe4 25.Rxe4 Qxe4 26.Rd1 h5 27.h4 Rd6 28.Rc1 c6  1/2-1/2

[Event "BL2-N9394"]
[Site "Germany"]
[Date "1994.??.??"]
[Round "?"]
[White "Konopka, Michal"]
[Black "Breyther, Ruediger"]
[Result "1-0"]
[WhiteElo "2425"]
[BlackElo "2315"]

1.Nf3 Nf6 2.c4 e6 3.g3 d5 4.d4 Be7 5.Bg2 O-O 6.O-O dxc4 7.Qc2 a6 8.Qxc4 b5
9.Qc2 Bb7 10.Bg5 Nbd7 11.Bxf6 Nxf6 12.Nbd2 Rc8 13.Nb3 c5 14.dxc5 Bd5 15.Ne1 Bxb3
16.Qxb3 Bxc5 17.Nd3 Bd6 18.a4 e5 19.axb5 axb5 20.Bh3 Rb8 21.Nb4 Bxb4 22.Qxb4 Qb6
23.Rfd1 Rfd8 24.e3 h6 25.Bf1 e4 26.Qe7 Rxd1 27.Rxd1 Re8 28.Qd6 Qa5 29.Qc5 Rd8
30.Qxb5 Qc7 31.Qc4 Qb8 32.Rxd8+ Qxd8 33.b4 Qd1 34.b5 Qb1 35.h3 Kf8 36.Qc7 Ke8
37.b6 Nd7 38.b7 g5 39.Kg2  1-0

[Event "BL2-N9394"]
[Site "Germany"]
[Date "1994.??.??"]
[Round "?"]
[White "Tatenhorst, Volker"]
[Black "Hedke, Fred"]
[Result "1-0"]
[WhiteElo "2270"]
[BlackElo "2335"]

1.d4 d5 2.c4 e6 3.Nf3 Nf6 4.g3 Be7 5.Bg2 O-O 6.O-O dxc4 7.Qc2 a6 8.a4 c5
9.dxc5 Bxc5 10.Nbd2 Nc6 11.Nxc4 Qe7 12.Nfe5 Nxe5 13.Nxe5 Nd5 14.Bd2 Nb4 15.Qc4 Kh8
16.Rac1 Bd6 17.Rfd1 Nd5 18.Nd3 Bd7 19.e4 Nb6 20.Qd4 Bxa4 21.Bc3 e5 22.Qxb6 Bxd1
23.Rxd1 Rfd8 24.Ra1 Rac8 25.Nb4 Bc5 26.Qa5 Qf6 27.Rf1 Qd6 28.Nd5 h6 29.Bh3 Ra8
30.Qc7 b5 31.Bxe5 Qxc7 32.Bxc7 Re8 33.Re1 Ra7 34.Kg2 Bd4 35.b4 Be5 36.Bb6 Rb7
37.Bc5 Ra8 38.f4 Bb2 39.Re2 Ba1 40.Ra2 Bf6 41.Nb6 Rd8 42.Nd5 Ra8 43.Nxf6 gxf6
44.Kf2 Kg7 45.Ke3 Rc7 46.Bg2  1-0

[Event "BL9394 (Women)"]
[Site "Germany"]
[Date "1994.??.??"]
[Round "?"]
[White "Juergens, Vera"]
[Black "Erneste, Inguna"]
[Result "1-0"]
[WhiteElo "2340"]
[BlackElo "2300"]

1.d4 Nf6 2.c4 e6 3.Nf3 d5 4.g3 Be7 5.Bg2 O-O 6.O-O dxc4 7.Na3 Bd7 8.Nxc4 Bc6
9.b3 a5 10.a3 b5 11.Nce5 Be4 12.Bb2 Nbd7 13.Bh3 Ra6 14.Nxd7 Nxd7 15.Nd2 Bb7
16.e4 Nf6 17.Qe2 Qa8 18.Bg2 Rb6 19.Rfc1 Ne8 20.Qe3 f5 21.d5 exd5 22.exf5 Bf6
23.Bxf6 Rbxf6 24.Bh3 Qd8 25.Qa7 Bc8 26.Qxa5 Bxf5 27.Bg2 Qd7 28.a4 bxa4 29.Qxd5+ Be6
30.Qxd7 Bxd7 31.Ne4 Rb6 32.bxa4 Bc8 33.a5 Ra6 34.Nc5 Ra7 35.Bd5+ Kh8 36.a6 g6
37.Rab1 Nf6 38.Bb7 Bf5 39.Rb2 Kg7 40.Nb3 Rf7 41.Nd4 Bd7 42.Rxc7 Ne8 43.Rxd7 Rxd7
44.Nc6  1-0

[Event "NRW-Liga II 9394"]
[Site "Germany"]
[Date "1994.??.??"]
[Round "?"]
[White "Schroeder, Wilfried"]
[Black "Huelsmann, Josef"]
[Result "0-1"]
[WhiteElo "2255"]
[BlackElo "2225"]

1.d4 e6 2.Nf3 d5 3.c4 Nf6 4.g3 Be7 5.Bg2 c6 6.O-O O-O 7.Qc2 Nbd7 8.Nbd2 b6
9.e4 Bb7 10.b3 Rc8 11.Bb2 Rc7 12.Rad1 Qc8 13.Rfe1 Rd8 14.Ne5 Bb4 15.Nxd7 Rcxd7
16.e5 Ne8 17.a3 Bxd2 18.Rxd2 dxc4 19.Qxc4 c5 20.Red1 Bxg2 21.Kxg2 Qc6+ 22.Kg1 Rd5
23.a4 Nc7 24.Bc3 Rf8 25.b4 b5 26.axb5 Qxb5 27.Qa2 cxb4  0-1

[Event "Giessen Feb-IM"]
[Site "Giessen"]
[Date "1994.??.??"]
[Round "1"]
[White "Adamski, Jan"]
[Black "Blauert, Joerg"]
[Result "1/2-1/2"]
[WhiteElo "2415"]
[BlackElo "2390"]

1.Nf3 Nf6 2.c4 e6 3.g3 d5 4.Bg2 Be7 5.d4 O-O 6.O-O dxc4 7.Qc2 a6 8.a4 Bd7
9.Qxc4 Bc6 10.Bg5 a5 11.Nc3 Na6 12.Rac1 Bd5 13.Qd3 Nb4 14.Qb1 c6 15.e4 Bc4
16.Rfd1 Bb3 17.Re1 Bc4 18.Ne5 Bb3 19.Nf3 Bc4 20.Ne5 Bb3 21.Nf3  1/2-1/2

[Event "Giessen Feb-IM"]
[Site "Giessen"]
[Date "1994.??.??"]
[Round "2"]
[White "Adamski, Jan"]
[Black "Schwarz, Peter"]
[Result "1/2-1/2"]
[WhiteElo "2415"]
[BlackElo "2300"]

1.Nf3 d5 2.c4 e6 3.g3 Nf6 4.Bg2 Be7 5.d4 O-O 6.Qc2 dxc4 7.Qxc4 a6 8.Bf4 Nd5
9.Nc3 Nxf4 10.gxf4 Nd7 11.O-O Nf6 12.Rac1 b5 13.Qd3 Bb7 14.Ne5 Bxg2 15.Kxg2 Bd6
16.Rfd1 Nh5 17.Qf3 Qh4 18.e3 Nf6 19.Kh1 Rac8 20.Rd2 c5 21.a3 Rc7 22.Ne4  1/2-1/2

[Event "Graz op"]
[Site "Graz"]
[Date "1994.??.??"]
[Round "4"]
[White "Kozul, Zdenko"]
[Black "Dizdar, Goran"]
[Result "1-0"]
[WhiteElo "2550"]
[BlackElo "2500"]

1.d4 d5 2.c4 e6 3.g3 Nf6 4.Bg2 Be7 5.Nf3 O-O 6.O-O c6 7.Qc2 b6 8.Bf4 Bb7
9.Rd1 Na6 10.Nc3 Rc8 11.Ne5 dxc4 12.Nxc4 b5 13.Qb3 Nb4 14.Ne5 Qb6 15.Bg5 Rfd8
16.Ne4 Nbd5 17.Bxf6 Bxf6 18.Rac1 Ne7 19.Nxf6+ gxf6 20.Ng4 Kg7 21.Qf3 f5 22.Ne5 Ng6
23.Qe3 Kg8 24.b4 Rd6 25.Nf3 a5 26.a3 Qd8 27.h4 axb4 28.axb4 f4 29.Qc3 fxg3
30.fxg3 f5 31.Ra1 Rc7 32.Qe3 Rg7 33.Kh2 f4 34.gxf4 Nxh4 35.Rg1 Nxf3+  1-0

[Event "Groningen"]
[Site "Groningen"]
[Date "1994.??.??"]
[Round "2"]
[White "Beliavsky, Alexander G"]
[Black "Almasi, Zoltan"]
[Result "1/2-1/2"]
[WhiteElo "2640"]
[BlackElo "2620"]

1.d4 Nf6 2.c4 e6 3.Nf3 d5 4.g3 Be7 5.Bg2 O-O 6.O-O c6 7.b3 Nbd7 8.Qc2 b6
9.Nc3 Ba6 10.Bf4 Rc8 11.Rfd1 Qe8 12.e4 dxc4 13.Nd2 e5 14.dxe5 Ng4 15.Nxc4 Bxc4
16.bxc4 Bc5 17.Rd2 Ngxe5 18.Rad1 Qe6 19.Na4 Bb4 20.Rd4 Be7 21.Qe2 Nc5 22.Nb2 Rcd8
23.Rxd8 Rxd8 24.Rxd8+ Bxd8 25.Be3 Ned7 26.Qc2  1/2-1/2

[Event "Groningen"]
[Site "Groningen"]
[Date "1994.??.??"]
[Round "4"]
[White "Jussupow, Artur"]
[Black "Almasi, Zoltan"]
[Result "1/2-1/2"]
[WhiteElo "2655"]
[BlackElo "2620"]

1.d4 Nf6 2.c4 e6 3.g3 d5 4.Nf3 Be7 5.Bg2 O-O 6.O-O dxc4 7.Qc2 a6 8.a4 Bd7
9.Qxc4 Bc6 10.Bg5 Bd5 11.Qd3 Be4 12.Qd1 Nbd7 13.Nc3 Bc6 14.Qc2 h6 15.Bf4 Bb4
16.a5 Rc8 17.Rfe1 Bd6 18.Bd2 Bxf3 19.Bxf3 c6 20.Bg2 Re8 21.Nd1 Nd5 22.e4 Nc7
23.e5 Bf8 24.Ne3 Nb5 25.Bc3 c5 26.d5 Nd4 27.Qd1 Nxe5 28.Bxd4  1/2-1/2

[Event "Gyongyos op"]
[Site "Gyongyos"]
[Date "1994.??.??"]
[Round "?"]
[White "Chetverik, Maxim"]
[Black "Seknadje, Jose"]
[Result "1-0"]
[WhiteElo "2305"]
[BlackElo "2180"]

1.d4 e6 2.c4 d5 3.Nf3 Nf6 4.g3 Be7 5.Bg2 O-O 6.O-O c5 7.cxd5 Nxd5 8.dxc5 Bxc5
9.Qc2 Qe7 10.a3 Nc6 11.Rd1 h6 12.b4 Bb6 13.Nbd2 Bd7 14.Nc4 Bc7 15.Qe4 Nf6
16.Qh4 Rfd8 17.Rb1 Be8 18.Rxd8 Rxd8 19.Be3 Bb6 20.g4  1-0

[Event "Hamburg-ch"]
[Site "Hamburg"]
[Date "1994.??.??"]
[Round "7"]
[White "Hegeler, Frank"]
[Black "Kroencke, Manfred"]
[Result "1-0"]
[WhiteElo "2220"]
[BlackElo "2215"]

1.d4 d5 2.Nf3 Nf6 3.c4 e6 4.g3 Be7 5.Bg2 O-O 6.O-O b6 7.Ne5 Bb7 8.Nc3 c6
9.e4 Nbd7 10.Nxc6 Bxc6 11.exd5 exd5 12.cxd5 Bb7 13.d6 Bxg2 14.dxe7 Qxe7 15.Kxg2 Rfd8
16.Qf3 Nf8 17.d5 h6 18.Bf4 N8h7 19.d6 Qd7 20.h4 Qf5 21.Rad1 Rac8 22.Rfe1 Rd7
23.Re5 Qg4 24.Qxg4 Nxg4 25.Re7 Rcd8 26.Rxd7 Rxd7 27.f3 Ngf6 28.g4 Nf8 29.Nb5 Ne6
30.Be5 Ne8 31.Nxa7 f6 32.Bg3 Rxa7 33.d7 Kf7 34.dxe8=Q+ Kxe8 35.Rd6 Nc5 36.a3 Na4
37.Rd2 Ra5 38.b3 Nc3 39.Rd3 Nb1 40.a4 Rc5 41.Be1 Rc6 42.Bb4 Kf7 43.h5 Ke6
44.Re3+ Kd5 45.Bf8 Kd4 46.Re4+ Kd3 47.Bxg7 Rc2+ 48.Kg3 Nc3 49.Rc4 Ne2+ 50.Kf2 Ra2
51.Bxf6 Nd4+ 52.Kg3 Ne2+ 53.Kh4 Ke3 54.g5 hxg5+ 55.Kg4 Kd3 56.h6 Nf4 57.Rxf4  1-0

[Event "Hastings9495"]
[Site "Hastings"]
[Date "1994.??.??"]
[Round "?"]
[White "Kachiani Gersinska, Ketino"]
[Black "Maric, Alisa"]
[Result "0-1"]
[WhiteElo "2410"]
[BlackElo "2400"]

1.d4 Nf6 2.c4 e6 3.g3 d5 4.Nf3 Be7 5.Bg2 O-O 6.O-O b6 7.Nc3 Bb7 8.Ne5 Na6
9.cxd5 exd5 10.Nd3 c5 11.dxc5 bxc5 12.Ne5 Qc7 13.Qb3 c4 14.Qb5 Nc5 15.Nf3 a6
16.Bf4 Qd8 17.Qb4 a5 18.Qb5 Ba6 19.Qc6 Rc8 20.Nd4 Rxc6 21.Nxc6 Qd7 22.Nxe7+ Qxe7
23.Nxd5 Nxd5 24.Bxd5 Bb7 25.Rad1 Ne6 26.Be3 h6 27.h4 Rc8 28.Rd2 Bxd5 29.Rxd5 Qb7
30.Rd2 Nc5 31.Rc1 Ne4 32.Rdc2 Qd5 33.Kh2 Nf6 34.f3 g5 35.hxg5 hxg5 36.Rd2 Qf5
37.Kg2 Kg7 38.Rh1 c3 39.bxc3 Rxc3 40.Bd4 Rc2 41.Rhd1 Kg6 42.a4 Qc8 43.Kf2 Qc4
44.Be5 Kf5 45.Bd4 Rxd2 46.Rxd2 Qxa4 47.Be3 Qc6 48.g4+ Kg6 49.Rd8 Nxg4+  0-1

[Event "Hastings op9495"]
[Site "Hastings"]
[Date "1994.??.??"]
[Round "?"]
[White "Lalic, Bogdan"]
[Black "Bryson, Douglas M"]
[Result "1-0"]
[WhiteElo "2530"]
[BlackElo "2370"]

1.c4 e6 2.g3 d5 3.Bg2 Nf6 4.Nf3 Be7 5.d4 O-O 6.O-O dxc4 7.Qc2 a6 8.a4 Nc6
9.Qxc4 Nb4 10.Bg5 b5 11.Qc1 Bb7 12.Nc3 c6 13.Rd1 Rc8 14.Bxf6 Bxf6 15.Ne4 Be7
16.Nc5 Rc7 17.e4 Bc8 18.a5 f5 19.Ne5 fxe4 20.Bxe4 Qe8 21.Qd2 Nd5 22.Rac1 Bd6
23.Re1 Qh5 24.Bg2 Kh8 25.Re4 g5 26.Re2 g4 27.Ned3 Be7 28.Qe1 Bg5 29.Rcc2 Qg6
30.Ne5 Qh5 31.Ne4 Bb7 32.Nd6 Ba8 33.Nd3 Bf6 34.Rxe6 Bxd4 35.b4 Rg7 36.Nc5 Rg5
37.Qe4 Bg7 38.Nd7 Rg8 39.Nb6 Nc7 40.Re7  1-0

[Event "Havana op"]
[Site "Havana"]
[Date "1994.??.??"]
[Round "7"]
[White "Alvarez Ibarra, D Rafael"]
[Black "Garcia, Gildardo"]
[Result "0-1"]
[WhiteElo "2435"]
[BlackElo "2520"]

1.d4 d5 2.Nf3 Nf6 3.c4 e6 4.g3 Be7 5.Bg2 O-O 6.O-O Nbd7 7.Qc2 c6 8.Nbd2 b6
9.b3 Ba6 10.Bb2 Rc8 11.Rac1 c5 12.Qb1 Re8 13.Rfd1 Bf8 14.e4 cxd4 15.e5 Ng4
16.Bxd4 Ba3 17.Rc2 Bc5 18.Qa1 h5 19.h3 Nh6 20.Bxc5 bxc5 21.cxd5 exd5 22.Nf1 d4
23.Qc1 Bb7 24.N1d2 Nf5 25.Nc4 Bxf3 26.Bxf3 Nxe5 27.Nxe5 Rxe5 28.Qf4 Qe7 29.Bxh5 Rd8
30.Bg4 Nd6 31.b4 Re4 32.Qd2 c4 33.f3 Re3 34.Qxd4 Nb7 35.Bd7 Rd3 36.Rxd3 cxd3
37.Rc8 Rxc8 38.Bxc8 Qe1+ 39.Kg2 d2  0-1

[Event "Helsinki-ch"]
[Site "Helsinki"]
[Date "1994.??.??"]
[Round "?"]
[White "Maki Uuro, Miikka"]
[Black "Kekki, Petri"]
[Result "1/2-1/2"]
[WhiteElo "2290"]
[BlackElo "2275"]

1.d4 d5 2.c4 e6 3.Nf3 Be7 4.g3 Nf6 5.Bg2 b6 6.O-O Bb7 7.cxd5 exd5 8.Bf4 O-O
9.Ne5 c5 10.Nc3 Nbd7 11.Rc1 cxd4 12.Qxd4 Nc5 13.Rfd1 Ne6 14.Qd2 Nxf4 15.gxf4 Bb4
16.a3 Bxc3 17.Rxc3 Rc8 18.Rdc1 h6 19.Rxc8 Bxc8 20.Qc3 a5 21.Nc6 Qd7 22.Qd4 Bb7
23.Ne5 Qb5 24.Rc7 Ba6 25.Bf3 a4 26.Nc6 Kh7 27.Ne7 Qb3 28.Rc6 Bc4 29.Nf5 Qc2
30.Ne3 Qb1+ 31.Kg2 Qg6+ 32.Kf1 Qb1+ 33.Kg2 Qg6+ 34.Kh3 Re8 35.Rxb6 Re7 36.Nxc4 Qf5+
37.Kg2 Qg6+ 38.Kf1 Qb1+ 39.Kg2 Qg6+ 40.Kh3 Qf5+ 41.Kg3 Qg6+ 42.Kh4 dxc4 43.Qxc4 Qg1
44.Kh3 Qf1+ 45.Kg3 Qg1+ 46.Kh3 Qf1+ 47.Kg3 Qg1+  1/2-1/2

[Event "Hlohovec op"]
[Site "Hlohovec"]
[Date "1994.??.??"]
[Round "?"]
[White "Boric, Muhamed"]
[Black "Maros, Milan"]
[Result "1/2-1/2"]
[WhiteElo "2290"]
[BlackElo "2195"]

1.d4 Nf6 2.Nf3 d5 3.c4 e6 4.g3 Be7 5.Bg2 O-O 6.O-O dxc4 7.Qc2 a6 8.Qxc4 b5
9.Qc2 Bb7 10.Bf4 Nc6 11.Rd1 Nb4 12.Qc1 Rc8 13.a4 c5 14.dxc5 Rxc5 15.Nc3 Nbd5
16.axb5 axb5 17.Qb1 Qc8 18.Nxd5 Nxd5 19.Bd2 Rd8 20.Ba5 Re8 21.Ne1 Qb8 22.Nd3 Rcc8
23.Qa2 Nf6 24.Bxb7 Qxb7 25.Qb3 Qd5 26.Qxd5 Nxd5 27.Rdc1 Kf8 28.Kg2 Rxc1 29.Rxc1 Ra8
30.Be1 Ke8 31.Kf3 Bd6 32.e4 Nb6 33.Bc3 g6 34.Ke2 Nc4 35.Kd1 Kd7 36.Kc2 Kc6
37.b3 Nb6 38.Ne5+ Bxe5 39.Bxe5 Nd7 40.Kd3+ Kb6 41.Bd6 Nf6 42.Be5 Nd7 43.Bd6 Nf6
44.Be5 Nd7 45.Bc7+ Kb7 46.Bd6 Rc8  1/2-1/2

[Event "Hospitalet op"]
[Site "Hospitalet"]
[Date "1994.??.??"]
[Round "4"]
[White "Marin, Mihail"]
[Black "Voskanian, Vahagn"]
[Result "1/2-1/2"]
[WhiteElo "2530"]
[BlackElo "2315"]

1.d4 Nf6 2.c4 e6 3.g3 d5 4.Bg2 Be7 5.Nf3 O-O 6.O-O Nbd7 7.Qc2 c6 8.Rd1 b6
9.b3 Bb7 10.Nc3 Rc8 11.e4 dxe4 12.Nxe4 Nxe4 13.Qxe4 Nf6 14.Qe2 Qc7 15.Bf4 Bd6
16.Bxd6 Qxd6 17.Ne5 Qe7 18.Rd2 c5 19.dxc5 Bxg2 20.Kxg2 Rxc5 21.Rad1 Qb7+
22.f3 Rc7 23.b4 h5 24.Rd4 a6 25.a3 Qa8 26.Kh3 a5 27.Rd6 axb4 28.axb4 Rb7
29.Nc6 Rc7 30.Ne5 Rb7 31.R1d4 Qa3 32.Qd2 Qa1 33.Rd8 Rxd8 34.Rxd8+ Kh7 35.Qd3+ g6
36.Qd6 Qf1+ 37.Kh4 Ne4 38.fxe4 Qf6+ 39.Kh3 Qf1+ 40.Kh4  1/2-1/2

[Event "Hradec Kralove op"]
[Site "Hradec Kralove"]
[Date "1994.??.??"]
[Round "9"]
[White "Stehlik, Jiri"]
[Black "Dusek, Martin"]
[Result "1-0"]
[WhiteElo "2115"]
[BlackElo "1950"]

1.d4 d5 2.Nf3 Nf6 3.c4 e6 4.g3 Be7 5.Bg2 O-O 6.O-O Nbd7 7.Qc2 c6 8.Nbd2 b6
9.b3 Bb7 10.Bb2 Rc8 11.e4 dxe4 12.Nxe4 Nxe4 13.Qxe4 Nf6 14.Qc2 c5 15.Rad1 Qc7
16.d5 exd5 17.Be5 Qd7 18.Ng5 h6 19.Bh3 Qe8 20.Bxc8 Bxc8 21.Bxf6 hxg5 22.Bxe7 Qxe7
23.cxd5 Qf6 24.Rfe1 Rd8 25.Qe4 Kf8 26.Re3 g6 27.Kg2 Bb7 28.f3 g4 29.Qxg4 Rxd5
30.Rxd5 Bxd5 31.Re2 Kg7 32.h4 Be6 33.Qg5 c4 34.Qxf6+ Kxf6 35.bxc4 Bxc4 36.Rc2 Bd5
37.Kf2 b5 38.a3 Ke6 39.Ke3 Kd6 40.g4 Ke6 41.Kf4  1-0

[Event "HUN-chT2 9394"]
[Site "?"]
[Date "1994.??.??"]
[Round "?"]
[White "Wells, Peter K"]
[Black "Bauer, Tamas"]
[Result "1-0"]
[WhiteElo "2490"]
[BlackElo "2410"]

1.d4 d5 2.c4 e6 3.Nf3 Nf6 4.g3 Be7 5.Bg2 O-O 6.O-O dxc4 7.Qc2 c5 8.dxc5 Qd5
9.Na3 Nc6 10.Nxc4 Qxc5 11.b3 Qf5 12.Qxf5 exf5 13.Bb2 Be6 14.Nfe5 Nxe5 15.Bxe5 Ne4
16.g4 f6 17.Bd4 Rfd8 18.Rfd1 g6 19.gxf5 gxf5 20.Rd3 Kf7 21.Bf3 Bb4 22.Bh5+ Ke7
23.a3 Rg8+ 24.Kf1 Bxc4 25.bxc4 Nd2+ 26.Rxd2 Bxd2 27.Rd1 Bf4 28.Bc5+ Ke6 29.Bf3 Rgd8
30.Bd5+ Kd7 31.e3 Be5 32.f4 Bc3 33.Ke2 Kc7 34.Rd3 Ba5 35.Bd4 Rd7 36.Bxf6 Re8
37.Be5+ Kc8 38.Rb3 Bb6 39.a4 Bc5 40.Kf3 a6 41.Bc6 Ree7 42.Bxd7+ Rxd7 43.e4 Rd2
44.exf5 Rxh2 45.Ke4 b6 46.f6 Kd7 47.a5 bxa5 48.Rb7+ Ke8 49.Kd5  1-0

[Event "HUN-chT2 9394"]
[Site "?"]
[Date "1994.??.??"]
[Round "?"]
[White "Balazs, Tibor Jr"]
[Black "Feher, Gyula"]
[Result "0-1"]
[WhiteElo "2250"]
[BlackElo "2400"]

1.d4 Nf6 2.Nf3 d5 3.c4 e6 4.g3 Be7 5.Bg2 O-O 6.O-O dxc4 7.Qc2 a6 8.a4 Nc6
9.Qxc4 Qd5 10.Na3 Rd8 11.Rd1 Bd7 12.Bd2 Be8 13.Bc3 Rac8 14.Qxd5 exd5 15.Nc2 Ne4
16.Be1 a5 17.Nd2 Nf6 18.Nf3 Bd6 19.Ne3 Nb4 20.Nh4 g6 21.Bh3 Bd7 22.Bg2 c6
23.Nf3 Re8 24.Bc3 Rc7 25.Ne5 Bc8 26.Nd3 Rce7 27.Rac1 Ng4 28.Bd2 Nxd3 29.exd3 Nxe3
30.fxe3 Bf5 31.Bf1 Bb4 32.Kf2 Bxd2 33.Rxd2 Rxe3 34.Rc5 R3e7 35.Rxa5 b6 36.Ra6 Rb8
37.a5 bxa5 38.Rxc6 Reb7 39.Rcc2 Rb4 40.Be2 Rxd4 41.Rc5 Be6 42.Rxa5 Rdb4 43.Ra2 d4
44.Ra6 Rxb2 45.Rxb2 Rxb2 46.Ke1 Rb1+ 47.Kf2 Rh1 48.Kg2 Bd5+ 49.Kh3 Re1 50.Rd6 Bh1
51.Bg4 f5 52.Bxf5 gxf5 53.Rxd4 Bf3 54.Kh4 h6 55.Rd7 Rh1 56.h3 Bg4  0-1

[Event "HUN-chT2 9394"]
[Site "?"]
[Date "1994.??.??"]
[Round "?"]
[White "Kustar, Sandor"]
[Black "Nemeth, Gabor"]
[Result "1-0"]
[WhiteElo "2360"]
[BlackElo "2260"]

1.Nf3 d5 2.d4 Nf6 3.c4 e6 4.g3 Be7 5.Bg2 O-O 6.Qc2 c6 7.Nbd2 Re8 8.O-O Nbd7
9.b3 Bd6 10.Bb2 Nf8 11.Rad1 Qe7 12.e4 dxe4 13.Nxe4 Nxe4 14.Qxe4 Ng6 15.Rfe1 Bd7
16.Qc2 Rab8 17.Re2 f6 18.h4 Qf7 19.Rde1 Bb4 20.Bc3 Bxc3 21.Qxc3 Qf8 22.Nd2 e5
23.Ne4 Bg4 24.f3 Bc8 25.h5 Nh8 26.dxe5 Rxe5 27.f4 Re6 28.Qa5 Bd7 29.Qxa7 Rbe8
30.Qd4 Bc8 31.h6 Nf7 32.hxg7 Kxg7 33.Nxf6 Rxe2 34.Nxe8+  1-0

[Event "HUN-chT2 9394"]
[Site "?"]
[Date "1994.??.??"]
[Round "?"]
[White "Kiss, Attila"]
[Black "Taskovits, Istvan"]
[Result "0-1"]
[WhiteElo "2340"]
[BlackElo "2220"]

1.d4 Nf6 2.c4 e6 3.g3 d5 4.Bg2 Be7 5.Nf3 O-O 6.O-O c6 7.Qc2 Nbd7 8.b3 b6
9.Nc3 Ba6 10.Rd1 Rc8 11.Bb2 dxc4 12.e4 Qc7 13.Nd2 cxb3 14.axb3 Bb5 15.Rdc1 Qb8
16.Qd1 Bb4 17.f4 a5 18.Qf3 Ba6 19.g4 c5 20.d5 exd5 21.exd5 Bb7 22.g5 Ne8
23.Nc4 Nd6 24.Bh3 Rcd8 25.Bxd7 Rxd7 26.Nxb6 Rdd8 27.Nca4 Nf5 28.Be5 Qa7 29.Rc4 Ba6
30.Rd1 Nd4 31.Qh5 Bxc4 32.bxc4 f6 33.gxf6 gxf6 34.Kh1 Kh8 35.Rg1 Qe7 36.d6 Qe6
37.Qh6 Nf5 38.Qh3 fxe5 39.d7 exf4 40.Qg2 Rg8 41.Qb2+ Nd4  0-1

[Event "JUG-chT"]
[Site "Igalo"]
[Date "1994.??.??"]
[Round "?"]
[White "Lekic, Dusan"]
[Black "Vujacic, Borivoje"]
[Result "1-0"]
[WhiteElo "2340"]
[BlackElo "2340"]

1.c4 e6 2.g3 Nf6 3.Bg2 d5 4.d4 Be7 5.Nf3 O-O 6.O-O dxc4 7.Qc2 a6 8.a4 Bd7
9.Qxc4 Bc6 10.Nc3 b5 11.Qd3 b4 12.Nb1 Be4 13.Qd1 c5 14.Bg5 Nbd7 15.Nbd2 Bd5
16.Re1 cxd4 17.Nxd4 Bxg2 18.Kxg2 Ne5 19.N2f3 Nxf3 20.Nxf3 Qa5 21.Qb3 h6 22.Bd2 Rfd8
23.Rec1 Qf5 24.Rc2 a5 25.Rac1 Qe4 26.Qc4 Rd5 27.Be3 Rad8 28.Bb6 R8d7 29.Qxe4 Nxe4
30.Rc8+ Kh7 31.Ra8 Bd8 32.Be3 g5 33.Rcc8 Bf6 34.b3 Nc3 35.Bb6 Nxe2 36.Rxa5 Rd1
37.h3 Rb1 38.Ne5 Rdd1 39.Rc2 Rg1+ 40.Kh2  1-0

[Event "ISR-ch (Women)"]
[Site "?"]
[Date "1994.??.??"]
[Round "?"]
[White "Yudasina, Irina"]
[Black "Dotan, Valeria"]
[Result "1-0"]
[WhiteElo "2255"]
[BlackElo "2045"]

1.d4 d5 2.c4 e6 3.g3 Nf6 4.Bg2 Be7 5.Nf3 O-O 6.O-O b6 7.cxd5 exd5 8.Nc3 Bb7
9.b3 Nbd7 10.Bb2 Re8 11.Rc1 a6 12.Qc2 Bd6 13.Rfe1 Ne4 14.Nxe4 dxe4 15.Ne5 Nf6
16.Nc6 Qd7 17.Ne5 Qe6 18.Nc4 Bf8 19.Ba3 Bxa3 20.Nxa3 Nd5 21.Nb1 e3 22.f3 Rac8
23.Nc3 Nf6 24.Na4 h5 25.Red1 h4 26.Qc3 hxg3 27.hxg3 Nh5 28.Qe1 Qd6 29.Kh2 Re6
30.Bh3 Rg6 31.Bg4 Re8 32.d5 Nf6 33.Bh3 Rh6 34.Kg2 Nxd5 35.Rxd5 Bxd5 36.Qc3 c5
37.Nb2 Be6 38.g4  1-0

[Event "JUG-ch sf"]
[Site "Kladovo"]
[Date "1994.??.??"]
[Round "?"]
[White "Lekic, Dusan"]
[Black "Markovic, Zoran S"]
[Result "1/2-1/2"]
[WhiteElo "2320"]
[BlackElo "2395"]

1.c4 e6 2.g3 Nf6 3.Bg2 d5 4.d4 Be7 5.Nf3 O-O 6.O-O dxc4 7.Qc2 a6 8.a4 Bd7
9.Qxc4 Bc6 10.Bg5 Bd5 11.Qd3 c5 12.Nc3 cxd4 13.Nxd5 Nxd5 14.Bxe7 Qxe7 15.Nxd4 Nc6
16.Rfc1 Nxd4 17.Qxd4 Rfd8 18.Rc4 b5 19.axb5 axb5 20.Rxa8 Rxa8 21.Rc1 Rb8
22.Qe5 Qb7 23.Bxd5 exd5 24.Rc7 Qa8 25.Qe7 Rf8 26.Rd7 g6 27.Qf6 Qe8 28.Re7 Qc8
29.e3 h5 30.Ra7 Qc1+ 31.Kg2 Qc4 32.Rd7 Qe4+ 33.Qf3 Qc2 34.b4 Qc4 35.Qf4 Qc6
36.Rc7 Qa8 37.Qf3 Qa4 38.Qxd5 Qxb4 39.Rb7 Qc4 40.Rxb5 Qxd5+ 41.Rxd5 Ra8 42.e4 Ra3
43.e5 Kf8 44.Rd7 Ra2 45.Kf3 Ra4 46.Ke3 h4 47.Rd4 Ra5 48.Kf4 hxg3 49.hxg3 Ke7
50.Rb4 Ke6 51.Rb6+ Ke7 52.f3 Kd7 53.g4 Ke7 54.Rf6 Rb5 55.Ra6 Rb3 56.Ra4 Rb5
57.Ke4 Rb1 58.f4 Re1+ 59.Kd5 Rd1+ 60.Rd4 Rf1 61.Ke4 Re1+ 62.Kf3 Rf1+ 63.Kg3 Re1
64.Kh4 Kf8 65.Rd7 Re3 66.Kg5 Kg7 67.Re7 Re1 68.Re8 Re2 69.Re7 Re1 70.Ra7 Re3
71.Ra6 Re1 72.Rf6 Re2 73.Rc6 Re1 74.Rc5 Re2 75.f5 Rxe5 76.Rxe5 f6+ 77.Kf4 fxe5+
78.Kxe5 gxf5  1/2-1/2

[Event "JUG-ch sf"]
[Site "Kladovo"]
[Date "1994.??.??"]
[Round "?"]
[White "Tosic, Miroslav"]
[Black "Milunovic, Toni"]
[Result "1-0"]
[WhiteElo "2445"]
[BlackElo "2345"]

1.d4 d5 2.c4 e6 3.Nf3 Nf6 4.g3 Be7 5.Bg2 O-O 6.O-O dxc4 7.Qc2 a6 8.a4 Nc6
9.Qxc4 Qd5 10.Qd3 Nb4 11.Qd1 Qd8 12.a5 b5 13.axb6 cxb6 14.Ne5 Ra7 15.Nc3 Bb7
16.e4 Ra8 17.Be3 Nd7 18.Nc4 Rc8 19.Qb3 Qc7 20.Nd2 b5 21.Rfd1 Nb6 22.d5 Nc4
23.Nxc4 bxc4 24.Qa4 Nd3 25.Rd2 exd5 26.Nxd5 Bxd5 27.exd5 Bf6 28.Rb1 Rb8 29.Qxa6 Rxb2
30.Rbxb2 Nxb2 31.d6 Qb8 32.Be4 c3 33.Rd5 Qb4 34.Bc2 Qc4 35.Qxc4 Nxc4 36.Bc5 g6
37.d7 Ra8 38.Bd4 Bd8 39.Bxc3 Nb6 40.Rd3 f6 41.Bb3+ Kg7 42.g4 Ra7 43.Be6 h6
44.h4 g5 45.h5 Ra6 46.Rd6 Ra7 47.Bd4 Rb7 48.Bf5 Rb8 49.Rc6  1-0